| 000 | 01073nam a2200325 a 4500 | ||
|---|---|---|---|
| 001 | 000010802 | ||
| 003 | DO-SdBNP | ||
| 005 | 20230725130848.0 | ||
| 008 | 091012s2000 ag 001 0 spa d | ||
| 020 | _a9501500632 | ||
| 040 |
_aDO-SdBNP _bspa _cBPMSU |
||
| 082 | 4 |
_a823.91 _bW516b 2000 _222 |
|
| 100 | 1 |
_aWest, Morris _d1916-1999. |
|
| 245 | 1 | 4 |
_aLos bufones de Dios / _cMorris West ; editor Javier Bergara ; traducción : Marta Cruz Coke de Lagos. |
| 250 | _a4a. ed. | ||
| 260 |
_aBuenos Aires : _bB. Argentinas, _c2000. |
||
| 300 |
_a478 p. ; _c23 cm. |
||
| 500 | _aTexto traducido al español | ||
| 500 | _aIncluye datos biográficos del autor en la solapa | ||
| 500 | _aIncluye notas del autor en la (p. 7) | ||
| 534 |
_pTítulo original: _tThe clowns of God |
||
| 590 | _6Inventariado, 2023/VM | ||
| 650 | 4 | _aNovela australiana | |
| 650 | 4 |
_aIglesia Católica _xGobierno |
|
| 650 | 4 |
_aCuria romana _vNovela |
|
| 700 | 1 |
_aBergara, Javier _eed. |
|
| 700 | 1 |
_aCruz Coke de Lagos, Marta _etr. |
|
| 910 | _aVMateo V. Control de calidad | ||
| 942 |
_2ddc _cBK |
||
| 999 |
_c14449 _d14449 |
||